000 00234nam a2200097Ia 4500
008 220120s9999||||xx |||||||||||||| ||und||
082 _a005.1 BAN
100 _aBanerjee
245 0 _aSprite of C and data structures
300 _a375p.
_b0
999 _c136363
_d136363